| 000 | 00356nam a22001457a 4500 | ||
|---|---|---|---|
| 003 | OSt | ||
| 005 | 20160727222353.0 | ||
| 008 | 160622b xxu||||| |||| 00| 0 eng d | ||
| 040 | _ctest | ||
| 100 |
_9449 _aGill, R, |
||
| 245 | _aSocial Change in Urban Periphery | ||
| 260 |
_aDel. Allied _c1991 |
||
| 300 | _aSocial Change in Urban Periphery | ||
| 942 |
_2ddc _cBK |
||
| 999 |
_c369 _d369 |
||